Electrical engineering laboratory experiments

Gorde:
Xehetasun bibliografikoak
Egile Nagusiak: Ricker, C. W (Egilea), Tucker, Carlton E (Egilea)
Formatua: Liburua
Hizkuntza:ingelesa
Argitaratua: Nueva York McGraw-Hill 1940
Edizioa:4a. ed
Gaiak:
Etiketak: Etiketa erantsi
Etiketarik gabe, Izan zaitez lehena erregistro honi etiketa jartzen!

MARC

LEADER 00000nam a2200000 a 4500
001 UCU5009
003 CL-VaPUC
008 960531e19400000US |||||||||||||||||eng|d
082 0 4 |a 621.3  |b RIC  |2 21 
100 0 |a Ricker, C. W  |e author  |9 362850 
700 0 |a Tucker, Carlton E  |e author  |9 362851 
245 1 0 |a Electrical engineering laboratory experiments 
250 |a 4a. ed 
300 |a 458 p 
942 |c BK 
945 |d 19960531 00:00:00  |a cmena 
260 |a Nueva York  |b McGraw-Hill  |c 1940 
650 7 |a INGENIEROS ELECTRICISTAS  |2 CL-VaPUC  |9 362852 
650 0 |a Electricidad  |9 260222 
650 0 |a Propagación de ondas  |9 263256 
650 7 |a CAMPOS ELECTRICOS  |2 CL-VaPUC  |9 362853 
650 0 |a Propiedades eléctricas   |9 271909 
650 0 |a Circuitos eléctricos   |9 260262 
650 0 |a Corrientes eléctricas   |9 354960 
583 |a last modification  |c 19960531 00:00:00  |k Rodrigo Vera 
999 |c 248526  |d 248524